CHEMISTRY MOLECULES MATTER AND CHANGE (Record no. 216874)

MARC details
000 -LEADER
fixed length control field 00463nam a22001817a 4500
008 - FIXED-LENGTH DATA ELEMENTS--GENERAL INFORMATION
fixed length control field 260326b |||||||| |||| 00| 0 eng d
020 ## - INTERNATIONAL STANDARD BOOK NUMBER
International Standard Book Number 987 716 735 953
050 ## - LIBRARY OF CONGRESS CALL NUMBER
Classification number QD 31.2.J66 2000
100 ## - MAIN ENTRY--PERSONAL NAME
Personal name JONES LORETTA
245 ## - TITLE STATEMENT
Title CHEMISTRY MOLECULES MATTER AND CHANGE
250 ## - EDITION STATEMENT
Edition statement 4TH ED.
260 ## - PUBLICATION, DISTRIBUTION, ETC.
Place of publication, distribution, etc. NEW YORK
Name of publisher, distributor, etc. W H FREEMAN
Date of publication, distribution, etc. 2000
300 ## - PHYSICAL DESCRIPTION
Extent 998P.
500 ## - GENERAL NOTE
General note INCLUDES AN INDEX
650 ## - SUBJECT ADDED ENTRY
Topical term or geographic name entry element CHEMISTRY
942 ## - ADDED ENTRY ELEMENTS (KOHA)
Source of classification or shelving scheme Library of Congress Classification
Koha item type Long Loan Book
Holdings
Withdrawn status Lost status Source of classification or shelving scheme Damaged status Not for loan Collection Home library Current library Shelving location Date acquired Inventory number Total checkouts Full call number Barcode Date last seen Date last checked out Price effective from Koha item type
    Library of Congress Classification     Science & Technology Kisii University Library Kisii University Library On Display 03/26/2026 54006 2 QD 31.2.J66 2000 014164 04/20/2026 04/06/2026 03/26/2026 Long Loan Book